[Event "BL 1213 OSG Baden Baden - SV Wattensche"]
[Site "?"]
[Date "2013.02.23"]
[Round "9.3"]
[White "Rustemov, Alexander"]
[Black "Bacrot, Etienne"]
[Result "0-1"]
[WhiteElo "2544"]
[BlackElo "2705"]
[PlyCount "122"]
[EventDate "2013.??.??"]

1. d4 Nf6 2. c4 e6 3. Nf3 b6 4. a3 Bb7 5. Nc3 d5 6. Bg5 Be7 7. Bxf6 Bxf6 8.
cxd5 exd5 9. Qa4+ Qd7 10. e3 O-O 11. Bb5 c6 12. Bd3 c5 13. Qxd7 Nxd7 14. Bf5
Rfd8 15. O-O g6 16. Bh3 c4 17. g3 a6 18. Na4 Rab8 19. Bxd7 Rxd7 20. Nxb6 Rdd8
21. Na4 Bc6 22. Nc5 Rxb2 23. Nxa6 Be7 24. Nc5 Bxc5 25. dxc5 Rb5 26. Nd4 Rxc5
27. a4 Ra8 28. a5 Ra6 29. Rfb1 Be8 30. Kf1 Rcxa5 31. Rxa5 Rxa5 32. Ke1 Kf8 33.
Ne2 Ke7 34. Nc3 Kd6 35. Kd2 Bc6 36. Rb8 Ra7 37. h4 h5 38. Rd8+ Kc5 39. Rc8 Rb7
40. Kc2 Kd6 41. Rd8+ Bd7 42. Kc1 Ke5 43. Kd2 Be6 44. Kc2 Bf5+ 45. Kd2 Rb2+ 46.
Ke1 Be6 47. Ra8 Bg4 48. f4+ Kf5 49. e4+ dxe4 50. Ra5+ Kf6 51. Re5 Bf3 52. Kf1
Rb3 53. Nd5+ Kg7 54. Re7 Rd3 55. Nb4 e3 56. Nc2 Rd1+ 57. Ne1 c3 58. Rc7 Rc1 59.
Re7 c2 60. Rc7 Bd1 61. Kg2 Ra1 0-1

[Event "BL 1213 OSG Baden Baden - SV Wattensche"]
[Site "?"]
[Date "2013.02.23"]
[Round "9.4"]
[White "Shirov, Alexei"]
[Black "Appel, Ralf"]
[Result "1/2-1/2"]
[WhiteElo "2718"]
[BlackElo "2525"]
[PlyCount "74"]
[EventDate "2013.??.??"]

1. e4 Nf6 2. e5 Nd5 3. d4 d6 4. c4 Nb6 5. exd6 exd6 6. Bd3 Nc6 7. Ne2 g6 8.
Nbc3 Bg7 9. Be3 O-O 10. O-O Nb4 11. b3 c6 12. Bb1 d5 13. c5 Nd7 14. a3 Na6 15.
b4 Nc7 16. Bd3 Ne6 17. Qd2 b6 18. Rad1 a5 19. b5 Bb7 20. Nxd5 bxc5 21. bxc6
Bxc6 22. Be4 Ba4 23. Rc1 cxd4 24. Nxd4 Ndc5 25. Nxe6 Nxe4 26. Nxd8 Nxd2 27.
Bxd2 Rfxd8 28. Nb6 Bb5 29. Rfd1 Rab8 30. Bxa5 Bb2 31. Rxd8+ Rxd8 32. Rb1 Bxa3
33. Nc4 Rd3 34. Ne5 Rd5 35. Ng4 Bb2 36. h3 Bd3 37. Rxb2 Rxa5 1/2-1/2

[Event "BL 1213 OSG Baden Baden - SV Wattensche"]
[Site "?"]
[Date "2013.02.23"]
[Round "9.5"]
[White "Handke, Florian"]
[Black "Naiditsch, Arkadij"]
[Result "1-0"]
[WhiteElo "2556"]
[BlackElo "2704"]
[PlyCount "85"]
[EventDate "2013.??.??"]

1. d4 Nf6 2. Nf3 e6 3. c4 c5 4. d5 g6 5. Nc3 Bg7 6. e4 O-O 7. Bd3 exd5 8. cxd5
b5 9. Nxb5 d6 10. O-O Bg4 11. h3 Bxf3 12. Qxf3 Ne8 13. Qg3 Nd7 14. Nxd6 Be5 15.
Bf4 Bxf4 16. Qxf4 Qb8 17. Bb5 Qxd6 18. Qxd6 Nxd6 19. Bxd7 Nxe4 20. Rfc1 Rab8
21. b3 Rb4 22. f3 Nf6 23. Bc6 Rc8 24. Rc2 Rc7 25. Rac1 Rd4 26. Rxc5 Re7 27.
R1c2 Re1+ 28. Kf2 Rdd1 29. Bb5 Re5 30. Bc4 Rf5 31. Re2 h5 32. Ra5 h4 33. Re1
Rd2+ 34. Re2 Rd1 35. Rxa7 Nh5 36. Re1 Rd2+ 37. Re2 Rd1 38. a4 Nf4 39. Ree7 Rd2+
40. Ke3 Rd1 41. d6 Nxg2+ 42. Kf2 Nf4 43. Rxf7 1-0

[Event "BL 1213 OSG Baden Baden - SV Wattensche"]
[Site "?"]
[Date "2013.02.23"]
[Round "9.6"]
[White "Vallejo Pons, Francisco"]
[Black "Dinstuhl, Volkmar Dr"]
[Result "1-0"]
[WhiteElo "2700"]
[BlackElo "2409"]
[PlyCount "65"]
[EventDate "2013.??.??"]

1. e4 d6 2. d4 Nf6 3. Nc3 g6 4. Bg5 h6 5. Be3 c6 6. Nf3 Bg7 7. h3 O-O 8. Qd2 h5
9. Bd3 b5 10. O-O e5 11. dxe5 dxe5 12. Nxe5 Nxe4 13. Bxe4 Qxd2 14. Bxd2 Bxe5
15. Nxb5 Ba6 16. c4 Rc8 17. Rad1 Nd7 18. Bc3 Bxc3 19. Nxc3 Bxc4 20. Rxd7 Bxf1
21. Kxf1 a5 22. b3 Kf8 23. Na4 Rab8 24. Rd6 c5 25. Bd3 Rd8 26. Rxd8+ Rxd8 27.
Ke2 Rd5 28. Ke3 Ke7 29. Be4 Rd1 30. Nxc5 Ra1 31. a4 Rc1 32. Nd3 Rc3 33. Bd5 1-0

[Event "BL 1213 OSG Baden Baden - SV Wattensche"]
[Site "?"]
[Date "2013.02.23"]
[Round "9.7"]
[White "Tereick, Benjamin"]
[Black "Kasimdzhanov, Rustam"]
[Result "1/2-1/2"]
[WhiteElo "2398"]
[BlackElo "2690"]
[PlyCount "105"]
[EventDate "2013.??.??"]

1. Nf3 d5 2. d4 Nf6 3. c4 e6 4. g3 c6 5. Qc2 Be7 6. Bg2 O-O 7. O-O b6 8. b3 Bb7
9. Nc3 a5 10. Rd1 Na6 11. a3 Rc8 12. e4 Nd7 13. Qe2 Nc7 14. Rb1 Ba6 15. Qb2
dxc4 16. bxc4 Bxc4 17. Ne5 Nxe5 18. dxe5 Qe8 19. Qxb6 Nb5 20. Nxb5 cxb5 21.
Qxa5 Qc6 22. Bb2 Ra8 23. Qc3 Ra4 24. Ra1 Rfa8 25. Rd6 Qe8 26. Rad1 Qf8 27. Bf1
Bxf1 28. Kxf1 Rxe4 29. Rb6 Rea4 30. Rxb5 Bxa3 31. Bxa3 Rxa3 32. Qb4 g5 33.
Qxf8+ Kxf8 34. Rd7 R3a7 35. Rxa7 Rxa7 36. Kg2 Ra4 37. h3 h5 38. Kf3 Kg7 39. Rb3
Kg6 40. Rb5 Ra3+ 41. Kg2 Rd3 42. g4 Rd4 43. Kg3 h4+ 44. Kg2 Rd5 45. Rxd5 exd5
46. f3 f6 47. e6 Kg7 48. f4 gxf4 49. Kf3 Kf8 50. Kxf4 Ke8 51. g5 Ke7 52. gxf6+
Kxf6 53. e7 1/2-1/2

[Event "BL 1213 OSG Baden Baden - SV Wattensche"]
[Site "?"]
[Date "2013.02.23"]
[Round "9.8"]
[White "Dautov, Rustem"]
[Black "Straeter, Timo"]
[Result "1-0"]
[WhiteElo "2595"]
[BlackElo "2360"]
[PlyCount "71"]
[EventDate "2013.??.??"]

1. d4 f5 2. g3 Nf6 3. Bg2 e6 4. c4 c6 5. Nh3 d5 6. O-O Bd6 7. Qc2 O-O 8. Nf4
Qe7 9. Nd3 Bd7 10. Bf4 Bxf4 11. Nxf4 Be8 12. Nd2 g5 13. Nd3 Bg6 14. Nf3 Ne4 15.
Nfe5 Nd7 16. e3 Nxe5 17. Nxe5 Nd6 18. f4 Nf7 19. Nd3 Nd6 20. c5 Nf7 21. b4 a5
22. a3 Kg7 23. b5 cxb5 24. Rfb1 Nh6 25. Rxb5 Be8 26. Rb6 Nf7 27. fxg5 Nxg5 28.
Rab1 Ra7 29. Qf2 Nf7 30. Qf4 Ba4 31. Ne5 Nd8 32. Rd6 Kg8 33. Bf1 Nf7 34. Nxf7
Rxf7 35. Qe5 Bd7 36. Rxd7 1-0

[Event "BL 1213 SC Eppingen - Wiesbadener SV"]
[Site "?"]
[Date "2013.02.23"]
[Round "9.1"]
[White "Alekseev, Evgeny"]
[Black "Berkes, Ferenc"]
[Result "1/2-1/2"]
[WhiteElo "2683"]
[BlackElo "2679"]
[PlyCount "50"]
[EventDate "2013.??.??"]

1. e4 c6 2. d4 d5 3. Nc3 dxe4 4. Nxe4 Bf5 5. Ng3 Bg6 6. Nh3 e6 7. Nf4 Qc7 8. c3
Nf6 9. Bc4 Nbd7 10. O-O Bd6 11. Qf3 O-O 12. Bb3 a5 13. a4 Bxf4 14. Qxf4 Qb6 15.
Bc4 Rfe8 16. Re1 Rad8 17. b3 h6 18. Ba3 Nd5 19. Qf3 N7f6 20. Ra2 Qc7 21. Bf1 e5
22. dxe5 Rxe5 23. Rd1 Rde8 24. c4 Nb4 25. Rad2 Re1 1/2-1/2

[Event "BL 1213 SC Eppingen - Wiesbadener SV"]
[Site "?"]
[Date "2013.02.23"]
[Round "9.2"]
[White "Balogh, Csaba"]
[Black "Khenkin, Igor"]
[Result "0-1"]
[WhiteElo "2664"]
[BlackElo "2655"]
[PlyCount "80"]
[EventDate "2013.??.??"]

1. e4 c6 2. d4 d5 3. e5 c5 4. Nf3 cxd4 5. Nxd4 Nc6 6. c4 e6 7. Nc3 Bc5 8. Nxc6
bxc6 9. Bd3 Ne7 10. O-O Ng6 11. Na4 Be7 12. f4 Ba6 13. Be3 dxc4 14. Be4 O-O 15.
Qxd8 Rfxd8 16. Rfd1 Rd5 17. Bxd5 cxd5 18. b3 f6 19. exf6 Bxf6 20. Rab1 c3 21.
Rbc1 Be2 22. Re1 Bd3 23. Red1 Be2 24. Re1 Bd3 25. Nxc3 d4 26. Rcd1 dxe3 27.
Rxd3 Nxf4 28. Rdxe3 Bd4 29. Kf1 Bxe3 30. Rxe3 Rc8 31. g3 Nd5 32. Nxd5 exd5 33.
Ke1 Kf7 34. Kd2 Kf6 35. Rc3 Rxc3 36. Kxc3 Ke5 37. Kd3 d4 38. b4 h5 39. h4 Kd5
40. a3 Ke5 0-1

[Event "BL 1213 SC Eppingen - Wiesbadener SV"]
[Site "?"]
[Date "2013.02.23"]
[Round "9.3"]
[White "Kurnosov, Igor"]
[Black "Postny, Evgeny"]
[Result "1/2-1/2"]
[WhiteElo "2660"]
[BlackElo "2647"]
[PlyCount "124"]
[EventDate "2013.??.??"]

1. e4 e5 2. Nf3 Nc6 3. Bb5 a6 4. Ba4 Nf6 5. O-O Be7 6. Re1 b5 7. Bb3 d6 8. c3
O-O 9. h3 Be6 10. d4 Bxb3 11. axb3 Re8 12. d5 Nb8 13. c4 Nbd7 14. Qc2 Qc8 15.
cxb5 axb5 16. Ra3 Ra6 17. Be3 c5 18. Nc3 Rxa3 19. bxa3 b4 20. Na4 bxa3 21. Nd2
Qb7 22. Ra1 Ra8 23. Rxa3 Ne8 24. Qa2 Nc7 25. Nc3 Rxa3 26. Qxa3 f5 27. f3 fxe4
28. fxe4 Qa6 29. Qxa6 Nxa6 30. Nb5 Nb6 31. Na7 Nb4 32. Nc6 Nxc6 33. dxc6 Nc8
34. Nc4 Kf7 35. Bd2 Bd8 36. Kf2 Ke6 37. Ba5 Bxa5 38. Nxa5 Ke7 39. Nb7 Na7 40.
c7 Kd7 41. Nd8 g6 42. h4 h5 43. g4 Nc8 44. Kf3 Ne7 45. Kg3 Kxc7 46. gxh5 gxh5
47. Ne6+ Kb6 48. Ng7 Kb5 49. Nxh5 Kb4 50. Kg4 Ng6 51. Ng3 Nxh4 52. Kxh4 Kxb3
53. Kg4 c4 54. Kf3 c3 55. Ke3 Kb2 56. Ne2 Kc2 57. Ng3 Kd1 58. Ne2 c2 59. Nc3+
Ke1 60. Ne2 Kd1 61. Nc3+ Kc1 62. Ne2+ Kd1 1/2-1/2

[Event "BL 1213 SC Eppingen - Wiesbadener SV"]
[Site "?"]
[Date "2013.02.23"]
[Round "9.4"]
[White "Acs, Peter"]
[Black "Mista, Aleksander"]
[Result "1/2-1/2"]
[WhiteElo "2586"]
[BlackElo "2543"]
[PlyCount "116"]
[EventDate "2013.??.??"]

1. e4 c5 2. c3 d5 3. exd5 Qxd5 4. d4 Nc6 5. Nf3 Bf5 6. Be2 cxd4 7. Nxd4 Bxb1 8.
Rxb1 Qxg2 9. Bf3 Qg6 10. Qa4 Rc8 11. Ke2 e5 12. Nxc6 bxc6 13. Be3 f5 14. Qa6
Rc7 15. Rhg1 Qe6 16. Ke1 Nf6 17. Bxa7 e4 18. Bd1 e3 19. Bxe3 f4 20. Bb3 Qf5 21.
Rd1 fxe3 22. fxe3 Be7 23. Rg5 Qc8 24. Qc4 Rf8 25. Qa4 Nd7 26. Qe4 g6 27. Ra5
Qb8 28. Rd4 Rc8 29. Qe6 Qc7 30. Re4 Nf6 31. Ra7 Nxe4 32. Rxc7 Rxc7 33. Qxe4 Rf6
34. a4 Kf8 35. a5 Kg7 36. a6 Bc5 37. Qe5 Bd6 38. Qd4 c5 39. Qa4 Ra7 40. Bc4
Bxh2 41. Kd1 h5 42. Qa5 Bc7 43. Qxc5 Bb6 44. Qe5 h4 45. Bd5 Rd7 46. c4 Bc5 47.
Qe8 Re7 48. Qg8+ Kh6 49. Qd8 Kg5 50. Qxe7 Bxe7 51. a7 Ra6 52. a8=Q Rxa8 53.
Bxa8 Kg4 54. Ke2 Kg3 55. Kf1 g5 56. Bc6 g4 57. Bd7 Kf3 58. Bxg4+ Kxg4 1/2-1/2

[Event "BL 1213 SC Eppingen - Wiesbadener SV"]
[Site "?"]
[Date "2013.02.23"]
[Round "9.5"]
[White "Tazbir, Marcin"]
[Black "Ruck, Robert"]
[Result "1/2-1/2"]
[WhiteElo "2555"]
[BlackElo "2567"]
[PlyCount "43"]
[EventDate "2013.??.??"]

1. e4 c6 2. Nc3 d5 3. Nf3 Bg4 4. h3 Bh5 5. d3 e6 6. g4 Bg6 7. Qe2 Bb4 8. Bd2
dxe4 9. Nxe4 Bxd2+ 10. Nfxd2 Ne7 11. f4 Bxe4 12. Qxe4 Nd7 13. Bg2 Nf6 14. Qe2
Qd4 15. Qe5 O-O-O 16. Qxd4 Rxd4 17. O-O h5 18. Nb3 Rdd8 19. g5 Nfd5 20. Rf2 Nf5
21. Re1 Nde7 22. Nd2 1/2-1/2

[Event "BL 1213 SC Eppingen - Wiesbadener SV"]
[Site "?"]
[Date "2013.02.23"]
[Round "9.7"]
[White "Poetsch, Hagen"]
[Black "Braun, Arik"]
[Result "0-1"]
[WhiteElo "2466"]
[BlackElo "2556"]
[PlyCount "66"]
[EventDate "2013.??.??"]

1. e4 e6 2. d4 d5 3. Nc3 Bb4 4. a3 Bxc3+ 5. bxc3 dxe4 6. Qg4 Nf6 7. Qxg7 Rg8 8.
Qh6 Rg6 9. Qe3 Nc6 10. Ne2 Ne7 11. c4 b6 12. a4 Bb7 13. a5 Nf5 14. Qc3 c5 15.
dxc5 bxc5 16. a6 Bc6 17. Be3 Nxe3 18. fxe3 Nd7 19. Qh8+ Nf8 20. g3 Qg5 21. Qc3
Nd7 22. Bg2 Ke7 23. O-O Rgg8 24. Rad1 Rad8 25. Rf4 Ne5 26. Rxd8 Rxd8 27. Qa5
Rd1+ 28. Kf2 Kd7 29. Bxe4 Qh5 30. h4 Bxe4 31. Nc3 Rd2+ 32. Ke1 Rxc2 33. Qa4+
Ke7 0-1

[Event "BL 1213 SC Eppingen - Wiesbadener SV"]
[Site "?"]
[Date "2013.02.23"]
[Round "9.8"]
[White "Guliyev, Namig"]
[Black "Geske, Julian"]
[Result "1-0"]
[WhiteElo "2546"]
[BlackElo "2401"]
[PlyCount "41"]
[EventDate "2013.??.??"]

1. e4 d5 2. exd5 Qxd5 3. Nc3 Qa5 4. Nf3 Nf6 5. g3 Bg4 6. h3 Bh5 7. Bg2 e6 8.
O-O c6 9. Ne2 Bd6 10. d4 O-O 11. Nf4 Bxf3 12. Qxf3 e5 13. dxe5 Bxe5 14. Nd3 Bd6
15. b4 Bxb4 16. Nxb4 Qxb4 17. Ba3 Qc4 18. Bxf8 Kxf8 19. Qa3+ Kg8 20. Rab1 b6
21. Rxb6 1-0

[Event "BL 1213 SV Hockenheim - SV Griesheim"]
[Site "?"]
[Date "2013.02.23"]
[Round "9.1"]
[White "Piorun, Kacper"]
[Black "Buhmann, Rainer"]
[Result "1/2-1/2"]
[WhiteElo "2520"]
[BlackElo "2584"]
[PlyCount "43"]
[EventDate "2013.??.??"]

1. e4 e5 2. Nf3 Nc6 3. Bb5 Nf6 4. O-O Nxe4 5. Re1 Nd6 6. Nxe5 Be7 7. Bf1 Nxe5
8. Rxe5 O-O 9. d4 Bf6 10. Re1 Re8 11. Bf4 Rxe1 12. Qxe1 Ne8 13. Nc3 d6 14. Bd3
g6 15. d5 Ng7 16. Qd2 Bf5 17. Re1 Bxd3 18. Qxd3 Nh5 19. Bd2 Qd7 20. h3 Bg7 21.
b3 a6 22. Ne4 1/2-1/2

[Event "BL 1213 SV Hockenheim - SV Griesheim"]
[Site "?"]
[Date "2013.02.23"]
[Round "9.2"]
[White "Baramidze, David"]
[Black "Farago, Ivan"]
[Result "1-0"]
[WhiteElo "2615"]
[BlackElo "2488"]
[PlyCount "91"]
[EventDate "2013.??.??"]

1. d4 Nf6 2. c4 e6 3. Nf3 d5 4. g3 dxc4 5. Bg2 Nc6 6. Qa4 Bb4+ 7. Bd2 Nd5 8.
Bxb4 Ndxb4 9. O-O a6 10. Ne5 O-O 11. Nxc6 Nxc6 12. Bxc6 bxc6 13. Qxc4 Qd6 14.
Nd2 Rb8 15. Qc3 Rd8 16. Nb3 Rb5 17. Rfc1 e5 18. Qxc6 Qxc6 19. Rxc6 exd4 20. Rd1
h6 21. Rxc7 Be6 22. Rxd4 Rxd4 23. Nxd4 Rxb2 24. Nxe6 fxe6 25. e3 Rb6 26. h4 Kh7
27. Ra7 Kg6 28. Kg2 h5 29. a4 Kf6 30. a5 Rc6 31. f4 g6 32. Kf3 Rd6 33. e4 Rd3+
34. Kf2 Rd2+ 35. Ke3 Ra2 36. Rxa6 Ra3+ 37. Kf2 Ra2+ 38. Ke3 Ra3+ 39. Kd4 Rxg3
40. Ra8 Ra3 41. a6 Ra4+ 42. Kc5 Kg7 43. a7 Kh7 44. Kd6 Kg7 45. e5 Ra6+ 46. Ke7
1-0

[Event "BL 1213 SV Hockenheim - SV Griesheim"]
[Site "?"]
[Date "2013.02.23"]
[Round "9.3"]
[White "Izsak, Gyula"]
[Black "Saric, Ivan"]
[Result "0-1"]
[WhiteElo "2471"]
[BlackElo "2625"]
[PlyCount "86"]
[EventDate "2013.??.??"]

1. d4 Nf6 2. c4 g6 3. Nf3 Bg7 4. g3 d5 5. cxd5 Nxd5 6. Bg2 Nb6 7. Nc3 Nc6 8. e3
O-O 9. O-O Re8 10. b3 e5 11. Nxe5 Nxe5 12. dxe5 Bxe5 13. Bb2 Qe7 14. Qc1 c6 15.
Ne4 Nd5 16. Bxe5 Qxe5 17. Qc5 Bg4 18. Nd6 Qe7 19. Rac1 Red8 20. Ne4 Qe5 21.
Rfe1 a5 22. f4 Qb2 23. Nf2 Be6 24. Rc2 Qg7 25. e4 b6 26. Qa3 Nb4 27. Rce2 Qd4
28. Qb2 Qxb2 29. Rxb2 Nd3 30. Nxd3 Rxd3 31. e5 Rc8 32. Bf1 Rd4 33. Rc2 Kf8 34.
Bc4 Bf5 35. Rcc1 Ke7 36. Ba6 Rc7 37. Re2 Ra7 38. Bc4 b5 39. Bxf7 Kxf7 40. Rxc6
Ke7 41. Rb6 b4 42. Rb8 Rd8 43. Rb6 Rad7 0-1

[Event "BL 1213 SV Hockenheim - SV Griesheim"]
[Site "?"]
[Date "2013.02.23"]
[Round "9.4"]
[White "Ribli, Zoltan"]
[Black "Horvath, Peter"]
[Result "1/2-1/2"]
[WhiteElo "2554"]
[BlackElo "2434"]
[PlyCount "113"]
[EventDate "2013.??.??"]

1. Nf3 d5 2. g3 c6 3. Bg2 Bg4 4. c4 e6 5. O-O Nd7 6. cxd5 exd5 7. Nc3 Ngf6 8.
d3 Be7 9. h3 Bh5 10. e4 dxe4 11. dxe4 Nc5 12. g4 Bg6 13. Ne5 Qxd1 14. Rxd1 Nfd7
15. Nc4 f6 16. b3 Bf7 17. Nd6+ Bxd6 18. Rxd6 O-O-O 19. Be3 Kc7 20. Rd2 b6 21.
b4 Nb7 22. f4 Nd6 23. Rc2 Nc4 24. Bf2 g5 25. Nd5+ cxd5 26. exd5 b5 27. a4 Ndb6
28. axb5 Bxd5 29. Bxd5 Rxd5 30. Bxb6+ Kxb6 31. Rxc4 Rd2 32. Rc6+ Kxb5 33. Rxf6
Re8 34. Rf5+ Kxb4 35. Rb1+ Kc4 36. Rc1+ Kd4 37. fxg5 Ree2 38. Rf7 Rg2+ 39. Kf1
Ke5 40. Rcc7 Rb2 41. Rb7 Rbc2 42. Rbe7+ Kd6 43. Rd7+ Ke5 44. Rc7 Rb2 45. Rce7+
Kd6 46. Rb7 Rbc2 47. Rf6+ Ke5 48. Re7+ Kd5 49. Rc7 Rb2 50. Rb7 Rbc2 51. Rb5+
Ke4 52. Rb4+ Kd5 53. Rf5+ Kd6 54. Rd4+ Ke6 55. Rc4 Rb2 56. Rc6+ Kd7 57. Rh6
1/2-1/2

[Event "BL 1213 SV Hockenheim - SV Griesheim"]
[Site "?"]
[Date "2013.02.23"]
[Round "9.5"]
[White "Grabarczyk, Miroslaw"]
[Black "Banusz, Tamas"]
[Result "1/2-1/2"]
[WhiteElo "2450"]
[BlackElo "2580"]
[PlyCount "190"]
[EventDate "2013.??.??"]

1. d4 d5 2. c4 e6 3. Nf3 Nf6 4. g3 a6 5. Nbd2 c5 6. Bg2 Nc6 7. O-O h6 8. cxd5
exd5 9. dxc5 Bxc5 10. Nb3 Ba7 11. Nbd4 O-O 12. Be3 Qd6 13. Rc1 Re8 14. Bf4 Qb4
15. Nxc6 bxc6 16. Ne5 Qxb2 17. Nxc6 Bf5 18. Nxa7 Rxa7 19. Be3 Rd7 20. Bd4 Qxe2
21. Qa4 Qb5 22. Qxb5 axb5 23. Rfd1 Bg4 24. Rd2 Re2 25. Rxe2 Bxe2 26. Rc8+ Kh7
27. Bh3 Rd6 28. Bf5+ g6 29. Bh3 Bd3 30. a3 Ra6 31. Bf1 Bc4 32. Rc5 Ne4 33. Rc7
Ng5 34. Be3 Rxa3 35. Bxc4 bxc4 36. h4 Nf3+ 37. Kg2 Ne1+ 38. Kf1 Nc2 39. Bf4
Ra1+ 40. Kg2 Ne1+ 41. Kh3 Nd3 42. Be3 Ra2 43. Rxf7+ Kg8 44. Rf6 c3 45. Rxg6+
Kf7 46. Rc6 c2 47. Kg2 h5 48. g4 hxg4 49. h5 Ne5 50. Rc7+ Ke6 51. h6 Nc4 52.
Bc1 Ra1 53. h7 Ra8 54. Ra7 Rh8 55. Rc7 Ne5 56. Bb2 Kd6 57. Rxc2 Rxh7 58. Rc8
Nd3 59. Ba3+ Ke6 60. Re8+ Kf5 61. Bd6 d4 62. f3 Rg7 63. Bg3 Rd7 64. Rf8+ Ke6
65. fxg4 Nc5 66. Re8+ Kd5 67. Kf3 d3 68. Be1 Rh7 69. Bb4 Ne6 70. Ke3 Rh3+ 71.
Kd2 Nf4 72. g5 Rh2+ 73. Kd1 Rg2 74. Bd2 Ne6 75. Be3 Nc7 76. Rc8 Ne6 77. Re8 Ng7
78. Rf8 Ke4 79. Bb6 Rb2 80. Bc5 Rb5 81. Bf2 Nf5 82. g6 Rb2 83. Ke1 Re2+ 84. Kf1
Ra2 85. Ke1 Ra6 86. Re8+ Kf4 87. Kd2 Ra2+ 88. Ke1 Kf3 89. Rf8 Re2+ 90. Kd1 Ke4
91. Re8+ Kf3 92. Rxe2 dxe2+ 93. Ke1 Ng7 94. Bd4 Ne6 95. g7 Nxg7 1/2-1/2

[Event "BL 1213 SV Hockenheim - SV Griesheim"]
[Site "?"]
[Date "2013.02.23"]
[Round "9.6"]
[White "Gasthofer, Alexander"]
[Black "Grabarczyk, Bogdan"]
[Result "1/2-1/2"]
[WhiteElo "2441"]
[BlackElo "2393"]
[PlyCount "53"]
[EventDate "2013.??.??"]

1. d4 d5 2. Nf3 Nf6 3. c4 e6 4. g3 Bb4+ 5. Bd2 Be7 6. Qc2 O-O 7. Bg2 c6 8. O-O
a5 9. Bf4 Na6 10. a3 b5 11. Ne5 Bd7 12. cxb5 cxb5 13. Nc6 Bxc6 14. Qxc6 b4 15.
Nd2 Qc8 16. Qa4 Qb7 17. Nb3 Nc7 18. Nxa5 bxa3 19. Nxb7 Rxa4 20. Bxc7 Ra7 21.
Bd6 Rxb7 22. Bxa3 g5 23. Rfc1 Rfb8 24. h3 h5 25. e3 Kg7 26. Bf3 g4 27. hxg4
1/2-1/2

[Event "BL 1213 SC Forchheim - Hamburger SK"]
[Site "?"]
[Date "2013.02.23"]
[Round "9.1"]
[White "Wojtaszek, Radoslav"]
[Black "Jansa, Vlastimil"]
[Result "1-0"]
[WhiteElo "2733"]
[BlackElo "2451"]
[PlyCount "119"]
[EventDate "2013.??.??"]

1. Nf3 g6 2. c4 Bg7 3. d4 Nf6 4. g3 d5 5. cxd5 Nxd5 6. Bg2 Nb6 7. Nc3 Nc6 8. e3
O-O 9. O-O Re8 10. a3 e5 11. d5 Na5 12. Qc2 e4 13. Nd4 Bxd4 14. exd4 f5 15. Bf4
Nxd5 16. Nxd5 Qxd5 17. Qxc7 Nc6 18. Bg5 Nd8 19. Bf6 Nf7 20. Rac1 Qe6 21. Be5
Nxe5 22. dxe5 Qxe5 23. Qxe5 Rxe5 24. Rc7 Re8 25. f3 e3 26. f4 Be6 27. Bxb7 Rad8
28. Bc6 Rc8 29. Bxe8 Rxc7 30. Re1 Rc2 31. Rxe3 Bd5 32. b4 Rg2+ 33. Kf1 Rxh2 34.
Bb5 Be4 35. Bd3 Rh1+ 36. Ke2 Rh2+ 37. Ke1 Bxd3 38. Rxd3 h5 39. b5 Kf7 40. Rd7+
Ke6 41. Rxa7 Kd5 42. a4 Rb2 43. Ra6 Rb4 44. b6 h4 45. gxh4 Rxf4 46. a5 Rb4 47.
Ra7 Kc6 48. Kd2 f4 49. Kc3 Rb1 50. Kc4 Rc1+ 51. Kd4 Rb1 52. Ke4 Rb4+ 53. Kf3
Kd5 54. Rg7 Ke5 55. b7 Rb3+ 56. Ke2 Rb2+ 57. Kd3 Kf6 58. Rc7 f3 59. a6 f2 60.
Rc1 1-0

[Event "BL 1213 SC Forchheim - Hamburger SK"]
[Site "?"]
[Date "2013.02.23"]
[Round "9.3"]
[White "Ernst, Sipke"]
[Black "Seyb, Alexander"]
[Result "1-0"]
[WhiteElo "2554"]
[BlackElo "2310"]
[PlyCount "85"]
[EventDate "2013.??.??"]

1. d4 d5 2. c4 c6 3. Nf3 Nf6 4. Nc3 dxc4 5. a4 Bf5 6. Ne5 Nbd7 7. Nxc4 Qc7 8.
g3 e5 9. dxe5 Nxe5 10. Bf4 Nfd7 11. Bg2 g5 12. Bxe5 Nxe5 13. Qd4 f6 14. Ne3 Bg6
15. a5 a6 16. Ne4 Be7 17. Qc3 O-O-O 18. O-O f5 19. Nc5 Bxc5 20. Qxc5 f4 21. Nc4
Nxc4 22. Qxc4 Rhe8 23. Rfc1 fxg3 24. hxg3 Re5 25. b4 Kb8 26. Rd1 Ree8 27. Qc5
Bh5 28. Rxd8+ Qxd8 29. e4 Qe7 30. Qxe7 Rxe7 31. f4 Kc7 32. Kf2 Bg4 33. Bf3 Bc8
34. Rh1 g4 35. Bg2 b6 36. Rh5 bxa5 37. bxa5 Kd6 38. Rh6+ Kc5 39. e5 Bd7 40. Be4
Kd4 41. Rxh7 Re8 42. Bg6 Rd8 43. Rh1 1-0

[Event "BL 1213 SC Forchheim - Hamburger SK"]
[Site "?"]
[Date "2013.02.23"]
[Round "9.4"]
[White "Zwanzger, Johannes"]
[Black "Hansen, Sune Berg"]
[Result "1/2-1/2"]
[WhiteElo "2326"]
[BlackElo "2566"]
[PlyCount "90"]
[EventDate "2013.??.??"]

1. e4 e5 2. Nf3 Nc6 3. Bb5 a6 4. Ba4 Nf6 5. O-O Be7 6. Re1 b5 7. Bb3 d6 8. c3
O-O 9. h3 Na5 10. Bc2 c5 11. d4 exd4 12. cxd4 Re8 13. Bg5 h6 14. Bh4 cxd4 15.
Nxd4 Bd7 16. Nc3 Rc8 17. Qd3 g6 18. e5 dxe5 19. Rxe5 Qb6 20. Rae1 Bf8 21. Nf3
Rxe5 22. Rxe5 Be8 23. Re2 Nc4 24. Bb3 Rd8 25. Qc2 Bg7 26. a4 g5 27. axb5 axb5
28. Bg3 Rc8 29. Qd3 Bd7 30. Ne5 Be6 31. Bxc4 bxc4 32. Qf3 Rd8 33. Ng4 Nxg4 34.
hxg4 Rd3 35. Qa8+ Qd8 36. Qxd8+ Rxd8 37. f3 Kh7 38. Be5 Bf8 39. Ne4 Kg6 40. Kf2
f5 41. gxf5+ Bxf5 42. g4 Be6 43. Bc3 Bf7 44. Rd2 Rxd2+ 45. Bxd2 Be7 1/2-1/2

[Event "BL 1213 SC Forchheim - Hamburger SK"]
[Site "?"]
[Date "2013.02.23"]
[Round "9.5"]
[White "Svane, Rasmus"]
[Black "Heidrich, Manfred"]
[Result "1/2-1/2"]
[WhiteElo "2394"]
[BlackElo "2296"]
[PlyCount "113"]
[EventDate "2013.??.??"]

1. d4 f5 2. Bg5 g6 3. Nc3 Bg7 4. h4 d6 5. e3 h6 6. Bf4 Nf6 7. Qf3 O-O 8. O-O-O
Qe8 9. Bc4+ Kh7 10. Nd5 Nxd5 11. Bxd5 c6 12. Bb3 Nd7 13. Ne2 Nf6 14. Bg5 Ne4
15. c3 e5 16. dxe5 dxe5 17. Rd8 Nxg5 18. Rxe8 Nxf3 19. Rxf8 Bxf8 20. gxf3 Be7
21. f4 e4 22. h5 Bd7 23. Ng3 Rf8 24. hxg6+ Kxg6 25. Kd2 Bc8 26. Rg1 Kh7 27. Nh5
Bf6 28. Rg8 Bxc3+ 29. bxc3 Rxg8 30. Nf6+ Kg7 31. Nxg8 Bd7 32. Ke2 b5 33. a3 a5
34. f3 h5 35. Kf2 h4 36. Ne7 Kf6 37. Ng8+ Kg7 38. Kg2 Kg6 39. Ba2 Kg7 40. Kf2
Kg6 41. Bb1 Kg7 42. Ba2 Kg6 43. c4 b4 44. axb4 axb4 45. c5 Kg7 46. Kg2 Kg6 47.
Bb3 Kg7 48. Bc4 Kg6 49. Kf2 Kg7 50. Bb3 Kg6 51. Bc4 Kg7 52. Ba2 Kg6 53. Kg2 Kg7
54. Bc4 Kg6 55. Bb3 Kg7 56. Kf2 Kg6 57. Kg2 1/2-1/2

[Event "BL 1213 SC Forchheim - Hamburger SK"]
[Site "?"]
[Date "2013.02.23"]
[Round "9.6"]
[White "Bartsch, Berthold"]
[Black "Ftacnik, Lubomir Dr"]
[Result "0-1"]
[WhiteElo "2242"]
[BlackElo "2547"]
[PlyCount "92"]
[EventDate "2013.??.??"]

1. e4 c5 2. Nc3 d6 3. g3 g6 4. Bg2 Bg7 5. d3 Nc6 6. f4 Rb8 7. Nf3 b5 8. O-O Nf6
9. h3 O-O 10. g4 e6 11. f5 b4 12. Ne2 exf5 13. exf5 gxf5 14. gxf5 Ne7 15. Nh4
Bb7 16. Ng3 Bxg2 17. Nxg2 Kh8 18. Kh1 Rg8 19. Nh5 Nxh5 20. Qxh5 Be5 21. Bf4
Bxb2 22. Rae1 f6 23. Re6 Rb6 24. Nh4 Be5 25. Rxe7 Qxe7 26. Ng6+ Rxg6 27. fxg6
Rb7 28. Bxe5 Qxe5 29. Qxe5 fxe5 30. Rf8+ Kg7 31. gxh7 Kxh7 32. Rd8 e4 33. Rxd6
exd3 34. cxd3 Re7 35. Ra6 Rd7 36. Kg2 Rxd3 37. Rxa7+ Kg6 38. Ra5 Rc3 39. Kf2
Kf5 40. h4 Kf4 41. h5 Rc2+ 42. Kg1 Kg3 43. Kf1 Kf3 44. Kg1 Rg2+ 45. Kh1 Rg5 46.
h6 Kf2 0-1

[Event "BL 1213 SC Forchheim - Hamburger SK"]
[Site "?"]
[Date "2013.02.23"]
[Round "9.7"]
[White "Heinemann, Thies"]
[Black "Huemmer, Bernd"]
[Result "1/2-1/2"]
[WhiteElo "2479"]
[BlackElo "2211"]
[PlyCount "40"]
[EventDate "2013.??.??"]

1. e4 Nf6 2. e5 Nd5 3. d4 d6 4. Nf3 Nb6 5. c4 g6 6. exd6 cxd6 7. Nc3 Bg7 8. Be3
O-O 9. b3 Nc6 10. Rc1 Bg4 11. Be2 d5 12. c5 Nc8 13. O-O Bxf3 14. Bxf3 e6 15. a3
N8e7 16. b4 Nf5 17. Ne2 Qf6 18. b5 Ncxd4 19. Nxd4 Nxd4 20. Bxd4 Qxd4 1/2-1/2